| 000 | 00578nam a2200205Ia 4500 | ||
|---|---|---|---|
| 003 | GCL | ||
| 008 | 140319s9999 xx 000 0 ara d | ||
| 040 |
_aGCL / _cGCL |
||
| 082 | 0 | 4 |
_a811.9 _bع ج |
| 100 | 1 | _aعقيل على | |
| 245 | 1 | 0 |
_aجنائن ادم: شعر / _cعقيل على |
| 260 |
_a[S.N] : _bدار توبقال للنشر ، _c1990 |
||
| 300 | _a71 ص | ||
| 490 |
_aنصوص ادبية _v0 |
||
| 650 | 0 | 4 | _aالشعر العربى |
| 650 | 0 | 4 | _aالادب العربى |
| 650 | 0 | 4 | _aدواوين وقصائد |
| 650 | 0 | 4 | _aالعراق |
| 942 |
_2ddc _cBK |
||
| 999 |
_c32131 _d32131 |
||